Top 5 comuni più popolosi per provincia - Puglia - Statistics

Statistiche generali
  • Questo quiz è stato fatto 115 volte
  • Il punteggio medio è 20 su 30
Statistiche sulle risposte
Provincia Comune N° abitanti % Corretto
Barletta-Andria-Trani Andria 96.873
96%
Barletta 92.419
96%
Trani 54.953
96%
Brindisi Brindisi 82.268
95%
Bari Bari 316.212
94%
Foggia Foggia 145.723
94%
Taranto Taranto 186.798
94%
Lecce Lecce 94.434
92%
Altamura 70.108
82%
Cerignola 57.020
74%
Molfetta 57.245
70%
Bitonto 53.089
69%
Manfredonia 53.621
69%
Monopoli 47.847
66%
Bisceglie 53.521
64%
Martina Franca 46.858
64%
Ostuni 29.908
64%
San Severo 49.174
61%
Nardò 30.761
60%
Fasano 38.665
58%
Massafra 31.949
53%
Canosa di Puglia 27.680
51%
Francavilla Fontana 34.720
51%
Manduria 29.773
51%
Galatina 25.511
49%
Lucera 30.714
43%
Mesagne 26.120
42%
Grottaglie 30.454
40%
Casarano 19.132
35%
Copertino 22.949
22%
Nessun quiz corrispondente trovato
Distribuzione punteggi
Percentuale di utenti per punteggio
Percentile per numero di risposta
I tuoi punteggi nel tempo
Non hai fatto questo quiz